France 2026 World Cup Squad - Statistics

General Stats
  • This quiz has been taken 11 times
  • The average score is 21 of 27
Answer Stats
Hint Answer % Correct
MF Adrien Rabiot
100%
DF Dayot Upamecano
100%
FW Desire Doue
100%
FW Kylian Mbappe
100%
DF Lucas Hernandez
100%
GK Mike Maignan
100%
FW Ousmane Dembele
100%
DF Theo Hernandez
100%
MF Aurelien Tchouameni
89%
Didier Deschamps
89%
DF Jules Kounde
89%
MF N'golo Kante
89%
DF William Saliba
89%
MF Manu Kone
78%
FW Marcus Thuram
78%
FW Michael Olise
78%
FW Bradley Barcola
67%
DF Ibrahima Konate
67%
DF Lucas Digne
67%
FW Rayan Cherki
67%
GK Brice Samba
56%
FW Jean-Philippe Mateta
56%
FW Maghnes Akliouche
56%
DF Maxence Lacroix
56%
GK Robin Risser
44%
MF Warren Zaire-Emery
44%
DF Malo Gusto
33%
No matching quizzes found
Score Distribution
Percent of People with Each Score
Percentile by Number Answered
Your Score History
You have not taken this quiz